Pan-Islam in British India (Record no. 16529)

MARC details
000 -LEADER
fixed length control field 00675nam a2200241 a 4500
020 ## - INTERNATIONAL STANDARD BOOK NUMBER
ISBN 9780195979046
082 00 - DEWEY DECIMAL CLASSIFICATION NUMBER
Classification number 324.20954
Author Cutter QUR
100 ## - MAIN ENTRY--AUTHOR NAME
Author name Qureshi, Naeem M
245 ## - TITLE STATEMENT
Title Pan-Islam in British India
Sub title The Politics of the Khilafat Movement (1918-1924)
260 ## - PUBLICATION, DISTRIBUTION, ETC. (IMPRINT)
Place of publication Londan
Name of publisher Oxford University Press
Year of publication 2009
300 ## - PHYSICAL DESCRIPTION
Number of Pages 572p
500 ## - GENERAL NOTE
General note includes index and biblioraphy
505 2# - FORMATTED CONTENTS NOTE
Formatted contents note Selected Bibliography, Index
650 ## - SUBJECT ADDED ENTRY--TOPICAL TERM
Topical Term Pan Islam-India
942 ## - ADDED ENTRY ELEMENTS (KOHA)
Koha item type Books
700 1# -
-- Qureshi, Naeem M
Holdings
Collection code Home library Current library Date acquired Cost, normal purchase price Full call number Accession Number Koha item type
  Henry Martyn Institute Library Henry Martyn Institute Library 01/09/2012 995.00 324.20954 QUR 023789 Books
                   Copyright © 2026 | Henry Martyn Institute | Hyderabad | TS-500052 | INDIA | Implemented by hmi.edu.in
Hit-Count:

Powered by Koha